Historia de la pedagogía

محفوظ في:
التفاصيل البيبلوغرافية
المؤلف الرئيسي: Monroe, Paul
التنسيق: كتاب
اللغة:Undetermined
منشور في: Madrid, España Ediciones de la Lectura [s.f.]
الموضوعات:
الوسوم: إضافة وسم
لا توجد وسوم, كن أول من يضع وسما على هذه التسجيلة!

MARC

LEADER 00000nam a2200000Ia 4500
008 170316s9999 xx 000 0 und d
090 |a 100 M-55h v.2 
100 |a Monroe, Paul 
245 |a Historia de la pedagogía 
260 |a Madrid, España 
260 |b Ediciones de la Lectura 
260 |c [s.f.] 
300 |a 458 páginas Tomo II 
650 |a FILOSOFÍA 
650 |a EL RENACIMIENTO 
650 |a EDUCACIÓN HUMANISTA 
650 |a LA REFORMA 
650 |a EDUCACIÓN REALISTA 
650 |a EDUCACIÓN DISCIPLINARIA - JUAN LOCKE 
650 |a ROUSSEAU 
999 |c 17043  |d 17043 
040 |a cru BVZT 
942 |c 15 D  |h 100 M-55h v.2  |2 z